000 00921cam a2200301 i 4500
001 882991
003 OSt
005 20211230105035.0
008 801103s1981 caua b 001 0 eng
010 _a 80026695
020 _a0716712555
020 _a0716712563 (pbk.)
040 _aDLC
_cHU
_dDLC
050 0 0 _aQH366.2
_b.M36
082 0 0 _a577
_219
100 1 _aMargulis, Lynn,
_d1938-2011.
_926285
245 1 0 _aSymbiosis in cell evolution :
_blife and its environment on the early Earth /
_cLynn Margulis.
260 _aSan Francisco :
_bW. H. Freeman,
_cc1981.
300 _axxii, 419 p. :
_bill. ;
_c24 cm.
500 _aIncludes index.
504 _aBibliography: p. [365]-392.
650 0 _aCells
_xEvolution.
_926286
650 0 _aLife
_xOrigin.
_926287
650 0 _aSymbiosis.
_926288
650 0 _aSymbiogenesis.
_926289
906 _a7
_bcbc
_corignew
_du
_eocip
_f19
_gy-gencatlg
942 _2ddc
_cBOOKS
_n0
999 _c25210
_d25210